000 00831cab a2200253 4500
001 ABS54487
008 090401t1996 xxu||||| |||| 00| 0 eng d
035 _a(Sirsi) u10730
041 _aeng
100 _aMason, P.
245 _aPlanning permission might not be enough for conversion
260 _c1996
350 _a0
490 _aCSM (Chartered Surveyor Monthly)
_v5(5) February 1996, 37(1)
520 _aDiscusses how conversions of old buildings are governed by tight building control rules. Provides a checklist of requirements under building regulation 5(f).
650 _aBUILDING REGULATIONS
_96224
650 _aCHANGE OF USE
650 _aCONVERSION
650 _aHISTORIC BUILDINGS
650 _aLISTED BUILDINGS
690 _aBUILDING AND CONSTRUCTION-REGULATIONS
942 _n0
948 _c04/03/1997
999 _c6818
_d6818